000 00516nmm a2200169Ia 4500
008 251105s9999||||xx |||||||||||||||||und||
020 _a9788495839930
041 _aspa
100 _aLa Cuadrilla
245 0 _aCafé, copa y puro. :
_b La historia de La Cuadrilla tal y como nosotros la recordamos
264 _a[Madrid, España] :
_bOcho y Medio,
_c2005
300 _a200 páginas
490 _aFahrenheit 451
650 _aFilm studies
856 _uhttps://public.digitaliapublishing.com/a/321
942 _cCF
999 _c89683
_d89683